| 000 | 00742nam a2200193 i 4500 | ||
|---|---|---|---|
| 001 | 114790 | ||
| 003 | ES-MaACL | ||
| 005 | 20240312062544.0 | ||
| 007 | t| | ||
| 008 | 070327s1910 sp |||| | spa d | ||
| 100 | 1 |
_aRíos, Blanca de los, _d1859-1956 _997357 |
|
| 245 | 1 | 4 |
_aLas mujeres de Tirso : _bconferencia leída por su autora en el Ateneo de Madrid el día 16 de marzo de 1910 / _cBlanca de los Ríos de Lampérez. |
| 260 |
_aMadrid : _bBernardo Rodríguez, _c1910. |
||
| 300 |
_a51 p. ; _c19 cm. |
||
| 600 | 1 | 4 |
_aMolina, Tirso de, _d1579-1648 _9226522 |
| 610 | 2 | 4 |
_aAteneo de Madrid- _vConferencias- _y1900-1939 _91907 |
| 852 | 4 |
_aES-MaACL _jT-1086-F-3 _z - Dedicatoria autógrafa de la autora |
|
| 999 |
_c114790 _d114790 |
||